000249827 001__ 249827
000249827 005__ 20221212183450.0
000249827 022__ $$a2059-6588
000249827 022__ $$a2059-6588$$l2059-6588
000249827 022__ $$a2059-6596$$l2059-6588
000249827 0247_ $$2ZDBID$$aPERI:(DE-600)2898251-4
000249827 0247_ $$2ZDBPPN$$aZDPPN:1135986533
000249827 0247_ $$2EZBID$$aPERI:(DE-606)
000249827 0247_ $$2EZBID$$aPERI:(DE-606)308557
000249827 0247_ $$2SCOPUS$$aSCOPUS:21101049548
000249827 035__ $$aPERI:(DE-600)2898251-4
000249827 040__ $$a0012$$bger$$cDE-101$$dJOIN²$$eJOIN² journal identification
000249827 041__ $$aeng
000249827 044__ $$cXA-GB
000249827 082__ $$223sdnb$$a330$$qDE-600
000249827 08274 $$223sdnb$$a330$$qDE-600
000249827 084__ $$2fid$$aOST$$qDE-12
000249827 24220 $$2DE-600$$aRemittances review$$yen
000249827 24220 $$2DE-600$$aRemittances review
000249827 245__ $$2DE-600$$aRemittances review$$hprint, online
000249827 2463_ $$2DE-600$$aRemittances review
000249827 2463_ $$aRemittances review
000249827 260__ $$aLondon$$bTransnational Press London$$c[2016]-
000249827 26431 $$aLondon$$bTransnational Press London$$c[2016]-
000249827 3620_ $$2DE-600$$aVolume 1, number 1 (October 2016)-
000249827 36301 $$2DE-600$$81.1\x$$a1$$b1$$i2016$$j10
000249827 380__ $$2marcgt$$ajournal
000249827 500__ $$aAutomatically generated record. (Updated: 2022-11-15)
000249827 650_7 $$0ASJC:3320$$2ASJC$$aPolitical Science and International Relations
000249827 650_7 $$0ASJC:3312$$2ASJC$$aSociology and Political Science
000249827 650_7 $$0ASJC:3303$$2ASJC$$aDevelopment
000249827 650_7 $$0ASJC:3305$$2ASJC$$aGeography, Planning and Development
000249827 65310 $$2EZB-Subject$$aSoziologie
000249827 65310 $$2EZB-Subject$$aWirtschaftswissenschaften
000249827 65310 $$2EZB-Keyword$$aAllgemeine Sozialwissenschaften
000249827 77608 $$2DE-600$$iErscheint auch als$$nDruck-Ausgabe$$tRemittances review$$x2059-6588
000249827 8564_ $$d0$$uhttp://ezb.uni-regensburg.de/2898251$$yEZB
000249827 8564_ $$d0$$uhttps://nl.zugang.nationallizenzen.de/han/3ca6f472-81ae-ddf1-00e9-37a0f7f930d6$$yVerlag; Nationallizenz via Einzelregistrierung = Deutschlandweit zugänglich
000249827 8564_ $$d0$$uhttps://www.ceeol.com/search/journal-detail?id=1515$$yAgentur = kostenfrei, registrierungspflichtig
000249827 8564_ $$d0$$uhttps://www.tplondon.com/tpljournals/remittances-review$$yVerlag = kostenfrei
000249827 85672 $$2RSS$$uhttps://www.tplondon.com/comments/feed/$$yCurrent Articles / Preprints
000249827 8801_ $$2DE-600$$aRemittances review
000249827 909CO $$ooai:juser.fz-juelich.de:915179$$pauthority$$pauthority:PERI
000249827 909CO $$ooai:juser.fz-juelich.de:915179
000249827 915__ $$0StatID:(DE-HGF)0200$$2StatID$$aDBCoverage$$bSCOPUS$$d2022-11-15
000249827 936__ $$aFür Leser ohne Lizenz für eines der CEEOL-Pakete ist bei CEEOL eine kostenfreie Registrierung erforderlich.
000249827 980__ $$aPERI
000249827 980__ $$aAUTHORITY